LEADER 01325nam a2200217 i 4500 001 000000058180 003 CaOOAMICUS 005 20060710000000.0 008 060710n it u000 u ita u 013 $a29352 040 $aSeMil$bita 245 10$aBeatificazione e canonizzazione del servo di Dio Ludovico Necchi, Terziario francescano e professore dell'Università Cattolica del S. Cuore in Milano :$barticoli per il processo ordinario informativo sulla fama di santità, delle virtù e dei miracoli /$ccausa dell'Archidiocesi di Milano. 260 $aMilano :$bVita e Pensiero,$c[1933?] 300 $a113 p. ;$c30 cm. 600 14$aNecchi, Ludovico .$0(OLS)http://semarc/subject/8994 650 4$aSanti - Canonizzazione.$0(OLS)http://semarc/subject/1571 710 2 $aArcidiocesi di Milano.$0(OLS)http://semarc/name/400 850 $aSeMil 852 $aSeMil$W1$xVenegono$y1$m6W I 41$j24333$B24333$CSeMilBibl$Z2$F24336 $8I 996 $6245$aBeatificazione e canonizzazione del servo di Dio Ludovico Necchi, Terziario francescano e professore dell'Università Cattolica del S. Cuore in Milano :$barticoli per il processo ordinario informativo sulla fama di santità, delle virtù e dei miracoli$9(OLS)http://semarc/title/90646 996 $6260$aMilano :$bVita e Pensiero$9(OLS)http://semarc/publisher/29642 LEADER 01022nam a2200253 i 4500 001 000000107374 003 CaOOAMICUS 005 20220422105645.0 008 051013s1978 it u000 u ita u 013 $a79620 040 $aSeMil$bita 100 1 $aDel Bo, Dino,$d<1916-1991>.$0(OLS)http://semarc/name/30082 245 10$aCaterina da Genova :$bl'amore e il Purgatorio /$cDino Del Bo. 260 $aMilano :$bAll'insegna del pesce d'oro,$c1978. 300 $a178 p. ;$c18 cm. 500 $aFondo Ciprandi. 600 04$aCaterina : da Genova .$0(OLS)http://semarc/subject/52161 850 $aSeMil 852 $aSeMil$W1$xVenegono$y1$m2C V 486$j63470$B63470$CSeMilBibl$Z2$F104490 $81 941 1 $a1 961 $aOmaggio: Ciprandi dott. Paolo 996 $6245$aCaterina da Genova :$bl'amore e il Purgatorio$9(OLS)http://semarc/title/155827 996 $6260$aMilano :$bAll'insegna del pesce d'oro$9(OLS)http://semarc/publisher/29752